Κατάλογος Βιβλιοθηκών Mediterranean College

Διοίκηση Παραγωγής και Επιχειρησιακών Λειτουργιών (Record no. 8257)

MARC details
000 -LEADER
fixed length control field 02932cam a22002054a 4500
005 - ΗΜΕΡΟΜΗΝΙΑ ΚΑΙ ΩΡΑ ΤΕΛΕΥΤΑΙΑΣ ΕΝΗΜΕΡΩΣΗΣ
Πεδίο ελέγχου 20250605164331.0
008 - FIXED-LENGTH DATA ELEMENTS--GENERAL INFORMATION
Πεδίο ελέγχου σταθερού μήκους 250528s ||||||||||||||||||||||||d
035 ## - SYSTEM CONTROL NUMBER
System control number 23228
020 ## - ISBN
ISBN 9789604186921
040 ## - ΠΗΓΗ ΚΑΤΑΛΟΓΟΓΡΑΦΗΣΗΣ
Φορέας πρωτότυπης καταλογογράφησης MC Athens Campus Library
Γλώσσα καταλογογράφησης Ελληνικά, Μοντέρνα (1453-)
Modifying agency MC Athens Campus Library
Κανόνες περιγραφικής καταλογογράφησης AACR2
245 1# - ΤΙΤΛΟΣ ΚΑΙ ΔΗΛΩΣΗ ΥΠΕΥΘΥΝΟΤΗΤΑΣ
Τίτλος Διοίκηση Παραγωγής και Επιχειρησιακών Λειτουργιών
260 ## - PUBLICATION, DISTRIBUTION, ETC.
Name of publisher, distributor, etc. Τζιόλα,
Date of publication, distribution, etc. 2018
300 ## - PHYSICAL DESCRIPTION
Extent 494
520 ## - SUMMARY, ETC.
Summary, etc. Στο παρόν βιβλίο αναλύονται θέματα που αποτελούν τον πυρήνα των αποφάσεων τακτικού επιπέδου της διοίκησης παραγωγής και λειτουργιών όπως: προγραμματισμος/ έλεγχος παραγωγής, χρονοπρογραμματισμός εργασιών, έλεγχος αποθεμάτων και ποσοτικές μέθοδοι προβλέψεων. Εισαγωγή στη Διοίκηση Παραγωγής και Επιχειρησιακών Λειτουργιών, Προγραμματισμός Παραγωγής, Βασικός Προγραμματισμός Παραγωγής, Προγραμματισμός Απαιτήσεων Υλικών, Προγραμματισμός Δυναμικότητας, Έλεγχος Παραγωγής, Επισκόπηση του Μεθοδολογικού Πλαίσιου Just - in - Time, Βασικές Πολιτικές Ελέγχου Παραγωγής Τύπου Έλξης, Προσαρμοστικές Πολιτικές Ελέγχου Παραγωγής Τύπου Έλξης, Συγκριτική Αξιολόγηση Πολιτικών Ελέγχου Παραγωγής Τύπου Έλξης, Χρονοπρογραμματισμός Εργασιών, Χρονοπρογραμματισμός Εργασιών σε Μία Μηχανή, Χρονοπρογραμματισμός Εργασιών σε m Παράλληλες Μηχανές, Χρονοπρογραμματισμός Εργασιών σε m Μηχανές σε Σειρά, Δυναμικός Χρονοπρογραμματισμός Εργασιών, Έλεγχος Αποθεμάτων, Βασικό Μοντέλο Σταθερής Ποσότητας Παραγγελίας, Έλεγχος Αποθεμάτων για Σταθερή και Ανεξάρτητη Ζήτηση, Υπολογιστικές Μέθοδοι στη Διοίκηση Παραγωγής και Λειτουργιών, Ποσοτικές Μέθοδοι Προβλέψεων, Προσομοίωση στη Διοίκηση Παραγωγής και Λειτουργιών, Εφαρμογές στη Γλώσσα Προγραμματισμού C++, Βιβλιογραφία, Ευρετήριο.
700 1# - ΠΡΟΣΘΕΤΗ ΑΝΑΓΡΑΦΗ--ΦΥΣΙΚΟ ΠΡΟΣΩΠΟ
Personal name Κουλουριώτης Δημήτριος
9 (RLIN) 8809
700 1# - ΠΡΟΣΘΕΤΗ ΑΝΑΓΡΑΦΗ--ΦΥΣΙΚΟ ΠΡΟΣΩΠΟ
Personal name Ξανθόπουλος Αλέξανδρος
9 (RLIN) 8810
942 ## - ADDED ENTRY ELEMENTS (KOHA)
Koha item type Books
Holdings
Τύπος τεκμηρίου Βιβλιοθήκη Τρέχουσα τοποθεσία Barcode Αριθμός εισαγωγής Ημερομηνία απόκτησης Ταξιθετικό σύμβολο Αριθμός αντιτύπου Κατάσταση απόσυρσης Κατάσταση χαμένου Κατάσταση κατεστραμμένου Μη δανεισμός Σύνολο δανεισμών Ημερομηνία τελευταίας εμφάνισης Η τιμή ισχύει από
Books MC Athens Campus Library MC Athens Campus Library 9780000082565 7513 05/06/2025 658.5 KSA 1           05/06/2025 05/06/2025

MC Athens Campus Library
Πατησίων 94 & Κοδριγκτώνος 13, 104 34
Πελλήνης 8 & Πατησίων 107, 112 51
Τ: +30 210 8899600

MC Thessaloniki Campus Library
Ίωνος Δραγούμη 21, 54625 | Ίωνος Δραγούμη 15, 54625
Τ: +30 2310 287779 – Τ: +30 2314 440300